00379nam a22001337a 450000500170000000800410001702000180005804000100007608200270008610000160011324500380012926000470016730000310021420230403144421.0230403b sa ||||| |||| 00| 0 swa d a9780620679374 c[RDA] 223aZUL 896.39862 GABU aGabuza, S.C aUnyembezi ufakazicby S.C. Gabuza aPietermaritzburgbOn Time Publishersc2018 a79 pagesbpaperbackc21 cm